| 000 | 02188nam0a2200433 4500 | ||
|---|---|---|---|
| 001 | RU\NLR\bibl\1253052 | ||
| 005 | 20260607042945.0 | ||
| 010 |
_a978-5-89349-721-2 _bФлинта |
||
| 010 |
_a978-5-89502-951-0 _bМПСИ _92000 |
||
| 021 |
_aRU _b2008-39571 _92181 |
||
| 035 | _a(NLR Aleph) 001239118 | ||
| 090 |
_a247425 _c247425 |
||
| 100 | _a20080716d2008 u y0rusy50 ca | ||
| 101 | 0 | _arus | |
| 102 | _aRU | ||
| 105 | _ay ||||||||| | ||
| 200 | 1 |
_aНаука о переводе _eистория и теория с древнейших времен до наших дней _eучебное пособие _fЛ.Л. Нелюбин, Г.Т. Хухуни _gРос. акад. образования, Моск. психол.-социал. ин-т |
|
| 205 | _a2-е изд. | ||
| 210 |
_aМосква _cФлинта _cМосковский психолого-социальный институт _d2008 |
||
| 215 |
_a412, [1] с. _d20 |
||
| 320 | _aБиблиогр. в примеч. и библиогр.: с. 367-407 | ||
| 325 | _aКопия доступна в Электрон. б-ке РНБ http://vivaldi.nlr.ru/bx000033392/view | ||
| 606 |
_aПеревод (лингв.) _jУчебные издания для высших учебных заведений _91594424 _3RU\NLR\auth\66701106 |
||
| 686 | _aШ107.7я7 | ||
| 700 | 1 |
_aНелюбин _bЛ. Л. _gЛев Львович _4070 |
|
| 701 | 1 |
_4070 _7ca _8rus _aХухуни _bГ. Т. _gГеоргий Теймуразович _94461 _3RU\NLR\auth\7721399 |
|
| 801 | 0 |
_aRU _bNLR _c20080716 _gRCR |
|
| 801 | 1 |
_aRU _bNLR _c20080716 |
|
| 830 | _aавт. по кн. | ||
| 856 | 0 | _uhttp://vivaldi.nlr.ru/bx000033392/view | |
| 856 | 1 | _uhttp://vivaldi.nlr.ru/bx000033392/cover | |
| 856 | 2 | _uhttp://vivaldi.nlr.ru/bx000033392/text | |
| 942 | _cBOOK | ||
| 980 | _aNB | ||
| 981 | 1 | 3 |
_a(13) Документы, защищенные авторским правом _b(13) Современная научная, научно-популярная и популярная литература |